00558nam a2200193 a 450000100060000000300080000600500170001400800410003103500140007204000350008604100080012108200260012910000230015524500780017826000380025630000290029450000200032365000210034372744BD-RjUL20211209082314.0170523r19671965enka b 001 0 eng d a(BD-RjUL) aBD-RjULbengcBD-RjULdBD-RjUL aeng 223a581.659bKID 19671 aKingsbury, John M.10aDeadly harvest :ba guide to common poisonous plants /cJohn M. Kingsbury aLondon :bAllen and Unwin,c1967. a128 p. :bill. ;c20 cm. aIncludes index. 0aPoisonous plants